Personnages de Brooklyn Nine-Nine - Mort Subite - Statistiques

Statistiques générales
  • Ce quiz a été pris 547 fois
  • Le résultat moyen est 8 sur 10
Answers on the Grid
Answers color-coded by a green-red scale on the quiz's grid according to % correct below.
Jack Geller
Carol Willick
Emily Waltham
Kelly Kapoor
Jake Peralta
Amy Santiago
Angela Martin
Kevin Malone
Pam Beesly
Terry Jeffords
Ray Holt
Dwight Schrute
Rosa Diaz
Jay Pritchett
Haley Dunphy
Dylan Marshall
Jessica Wicks
Stuart Bloom
Kevin Cozner
Stella Zinman
Sandy Rivers
Gina Linetti
Charles Boyle
Doug Judy
Garrett McNeill
Dina Fox
Jonah Simms
Michael Hitchcock
 
Statistiques - réponses
Réponse % Correct
Charles Boyle
88%
Jake Peralta
88%
Rosa Diaz
87%
Ray Holt
86%
Amy Santiago
85%
Doug Judy
85%
Gina Linetti
85%
Terry Jeffords
85%
Michael Hitchcock
81%
Kevin Cozner
67%
Aucun quiz correspondant
Distribution des résultats
% des personnes avec chaque résultat
Percentile par nombre de réponses
Votre historique - résultats
Vous n’avez pas pris ce quiz